Vacuum arc energy balance in the ecton model; Proceedings of the XXIVth International Conference on Phenomena in Ionized Gases ICPIG, Warsaw, july 11-16, 1999; Vol. 2

Dades bibliogràfiques
Parent link:Proceedings of the XXIVth International Conference on Phenomena in Ionized Gases ICPIG, Warsaw, july 11-16, 1999.— , 1999
Vol. 2.— 1999.— P. 229-230
Autor principal: Barengolts S. A.
Altres autors: Mesyats G. A. Gennady Andreyevich
Sumari:В фонде НТБ ТПУ отсутствует
Idioma:anglès
Publicat: 1999
Matèries:
Format: MixedMaterials Capítol de llibre
KOHA link:https://koha.lib.tpu.ru/cgi-bin/koha/opac-detail.pl?biblionumber=596712

MARC

LEADER 00000naa0a2200000 4500
001 596712
005 20250122115526.0
035 |a (RuTPU)RU\TPU\tpu\19703 
090 |a 596712 
100 |a 20110810d1999 k||y0rusy50 ba 
101 0 |a eng 
102 |a PL 
200 1 |a Vacuum arc energy balance in the ecton model  |f S. A. Barengolts, G. A. Mesyats 
333 |a В фонде НТБ ТПУ отсутствует 
461 |t Proceedings of the XXIVth International Conference on Phenomena in Ionized Gases ICPIG, Warsaw, july 11-16, 1999  |d 1999 
463 |t Vol. 2  |v P. 229-230  |d 1999 
610 1 |a труды учёных ТПУ 
700 1 |a Barengolts  |b S. A. 
701 1 |a Mesyats  |b G. A.  |c russian physicist  |c academican, vice-president of RAS  |c graduate of Tomsk Polytechnic Institute  |f 1936-  |g Gennady Andreyevich  |3 (RuTPU)RU\TPU\pers\28088  |4 070 
801 1 |a RU  |b 63413507  |c 20110810 
801 2 |a RU  |b 63413507  |c 20110928  |g RCR 
942 |c BK